Selvas americanas : la prodigiosa diversidad

Guardado en:
Formato: Libro
Publicado: Madrid : Rueda, 2004
Materias:
Etiquetas: Agregar Etiqueta
Sin Etiquetas, Sea el primero en etiquetar este registro!
LEADER 00639nam a22002055a 4500
001 CEM.cems017982
005 20130904103350.0
008 130507s2004##################000#0#####d
003 CEMS
020 |a 8484472604 
082 0 4 |a 591.7152 
245 0 0 |a Selvas americanas :  |b la prodigiosa diversidad 
260 |a Madrid :  |b Rueda,  |c 2004 
300 |a 192 p. 
505 0 |a La selva y la fauna del suelo -- Dominio de aves y monos en la selva -- Los cazadores de la selva 
653 |a Animales 
653 |a Fauna de la selva 
653 |a Selva-fauna 
653 |a Fauna-habitat 
859 |a CEMS  |b BIB. CEMS - Agricultura  |h 591.7152  |i An546  |p A1827.13  |t Ej.1